00324 a2200133 450000100060000002000150000604000240002110000250004524000390007024500340010930000070014336200090015065000310015969085 a8530501152 cAnchieta - Itaigara aAguiar, Luiz Antonio10aSocorro! Estou comprando tudolpor10aSocorro! Estou comprando tudo a460 a1997 4aLiteratura infanto-juvenil